| 000 | 00372 a2200157 4500 | ||
|---|---|---|---|
| 001 | 169086 | ||
| 020 | _a | ||
| 040 | _cMagnum | ||
| 100 | _aTeixeira, Francisco J. S. (Org.) | ||
| 240 | 1 | 0 |
_aNeoliberalismo e reestruturacao produtiva _lpor |
| 245 | 1 | 0 | _aNeoliberalismo e reestruturacao produtiva |
| 362 | 0 | _a1899 | |
| 440 | 1 | _aCortez | |
| 697 | _aGERAL | ||
| 942 | _cBK | ||
| 999 |
_c169086 _d169086 |
||